<?xml version="1.0" encoding="UTF-8"?>
<collection xmlns:xsi="http://www.w3.org/2001/XMLSchema-instance" xsi:schemaLocation="http://www.loc.gov/MARC21/slim http://www.loc.gov/standards/marcxml/schema/MARC21slim.xsd" xmlns="http://www.loc.gov/MARC21/slim">
 <record>
  <leader>00000cam a22000004a 4500</leader>
  <controlfield tag="001">UP-1685523046125334491</controlfield>
  <controlfield tag="003">Buklod</controlfield>
  <controlfield tag="005">20230503092606.0</controlfield>
  <controlfield tag="006">m     o  j        </controlfield>
  <controlfield tag="007">ta</controlfield>
  <controlfield tag="008">071031s        xx     d     r    |||| u|</controlfield>
  <datafield tag="035" ind1=" " ind2=" ">
   <subfield code="a">(iLib)UPMNL-00000048296</subfield>
  </datafield>
  <datafield tag="040" ind1=" " ind2=" ">
   <subfield code="a">UP-Nurs</subfield>
  </datafield>
  <datafield tag="041" ind1="0" ind2=" ">
   <subfield code="a">eng</subfield>
  </datafield>
  <datafield tag="090" ind1=" " ind2=" ">
   <subfield code="a">RC840</subfield>
   <subfield code="b">G3 S68 1974</subfield>
  </datafield>
  <datafield tag="100" ind1="1" ind2=" ">
   <subfield code="a">Kitamoto, Osamu.</subfield>
  </datafield>
  <datafield tag="110" ind1="1" ind2=" ">
   <subfield code="a">Southeast Asian Medical Information Center</subfield>
   <subfield code="b">Conference:SEAMIC Seminar on Gastrointestinal Infections in Southeast Asia.</subfield>
  </datafield>
  <datafield tag="245" ind1="1" ind2="0">
   <subfield code="a">Gastrointestinal infections in Southeast Asia</subfield>
   <subfield code="b">proceedings.</subfield>
  </datafield>
  <datafield tag="264" ind1=" " ind2="1">
   <subfield code="a">Tokyo</subfield>
   <subfield code="b">Southeast Asian Medical Information Center</subfield>
   <subfield code="c">1974.</subfield>
  </datafield>
  <datafield tag="300" ind1=" " ind2=" ">
   <subfield code="a">v.</subfield>
   <subfield code="b">ill.</subfield>
   <subfield code="c">26 cm.</subfield>
  </datafield>
  <datafield tag="500" ind1=" " ind2=" ">
   <subfield code="a">Second, third, fifth, SEAMIC Seminar held in Tokyo, Japan, Dec. 9-14, 1974; Feb. 17-28, 1976 and Feb. 8-18 respectively ; The Eighth SEAMIC Seminar, held in Singapore, Sept. 4-13 1980</subfield>
  </datafield>
  <datafield tag="500" ind1=" " ind2=" ">
   <subfield code="a">v1. Information activities on the status of gastrointestinal infections in Southeast Asia, editor-in-chief, Osamu Kitamoto. v. 2. Labooratory works and preventive measures in gastrointestinal infections in Southeast Asia, editor-in-chief, Hideo Fukumi. v. 3. Food hygiene in the problem of gastrointestinal infections, editor-in-chief, Hideo Fukumi. v.4. Laboratory dependent information used in surveillance systems for diarrhoeal diseases, editor-in-chief, Andrew Chew.</subfield>
  </datafield>
  <datafield tag="650" ind1=" " ind2="0">
   <subfield code="a">Gastroenteritis</subfield>
   <subfield code="x">Congresses.</subfield>
  </datafield>
  <datafield tag="650" ind1=" " ind2="0">
   <subfield code="a">Gastroenterology</subfield>
   <subfield code="x">Congresses.</subfield>
  </datafield>
  <datafield tag="700" ind1="1" ind2=" ">
   <subfield code="a">Fukumi, Hideo.</subfield>
  </datafield>
  <datafield tag="700" ind1="1" ind2=" ">
   <subfield code="a">Chew, Andrew.</subfield>
  </datafield>
  <datafield tag="852" ind1="0" ind2=" ">
   <subfield code="a">UPMNL</subfield>
   <subfield code="b">CPH</subfield>
   <subfield code="h">RC840 G3 S68 1974</subfield>
  </datafield>
  <datafield tag="942" ind1=" " ind2=" ">
   <subfield code="a">Book</subfield>
  </datafield>
 </record>
</collection>
